Europameister im Frauen Fußball ? - Statistiken

Allgemein
  • Dieses Quiz wurde 143 mal gespielt
    78 seit der letzten Aktualisierung
  • Das Durchschnittsergebnis liegt bei 3 aus 6
Answers on the Grid
Answers color-coded by a green-red scale on the quiz's grid according to % correct below.
Spanien
TBD
Deutschland
England
Niederlande
Norwegen
Schweden
Frankreich
Italien
Belgien
Polen
Dänemark
Schweiz
Österreich
Russland
Serbien
 
Antwortstatistiken
Antwort % Korrekt
Deutschland
87%
England
72%
Niederlande
61%
Norwegen
50%
Schweden
48%
TBD
13%
Keine übereinstimmenden Quizze gefunden
Verteilung der Resultate
Anzahl Personen mit jedem Resultat
Perzentil nach korrekt beantworteten Fragen
Ihre Resultats-Entwicklung
Sie haben dieses Quiz seit der letzten Aktualisierung nicht gespielt